00644 2200217 4500001002100000005001500021035002000036245009500056100002000151250001000171300003900181260003600220082000800256084001400264020001900278600003300297600002700330600003300357990001800390990001800408INLIS00000000000469420231109085124 a0010-11230000451 aPustaka Sains Tersambung-Internet Buku Lengkap Tentang Tubuh Kita Vol 1 /cAnna Claybourne0 aAnna Claybourne aCet 1 a64 hlm, :bilus ;c20,1 x 27,5 cm. aBandung; :bPakar Raya;,c2007. a611 a611 ANN p a978979534434-6 aPengalih Bahasa,Ir Rudiyanto aPewajah Ulang,B Waluyo aPengendali Mutu,Wulandari SP a7490/P/S/2013 a7442/P/S/2013